Программное обеспечение нормативных документов по статистической обработке результатов физико-химических измерений; Измерительная техника; № 8

書誌詳細
Parent link:Измерительная техника=Measurement Techniques: научно-технический журнал/ Российская Федерация, Федеральное агентство по техническому регулированию и метрологии (Ростехрегулирование) (Госстандарт России).— , 1940-1941, 1955-.— 0368-1025
№ 8.— 2002.— С. 67-70
第一著者: Конопелько Л. А.
その他の著者: Растоскуев В. В.
言語:ロシア語
出版事項: 2002
シリーズ:Физико-химические измерения
主題:
フォーマット: MixedMaterials 図書の章
KOHA link:https://koha.lib.tpu.ru/cgi-bin/koha/opac-detail.pl?biblionumber=383909

MARC

LEADER 00000naa2a2200000 4500
001 383909
005 20231101063205.0
035 |a (RuTPU)RU\TPU\prd\9992 
090 |a 383909 
100 |a 20030124a2002 k y0rusy50 ca 
101 0 |a rus 
102 |a RU 
200 1 |a Программное обеспечение нормативных документов по статистической обработке результатов физико-химических измерений  |f Л. А. Конопелько, В. В. Растоскуев 
225 1 |a Физико-химические измерения 
320 |a Библиогр.: 8 назв. 
461 1 |0 (RuTPU)RU\TPU\prd\1509  |x 0368-1025  |t Измерительная техника  |l Measurement Techniques  |o научно-технический журнал  |f Российская Федерация, Федеральное агентство по техническому регулированию и метрологии (Ростехрегулирование) (Госстандарт России)  |d 1940-1941, 1955- 
463 1 |0 (RuTPU)RU\TPU\prd\6808  |t № 8  |v С. 67-70  |d 2002 
610 1 |a экспертная статистическая система 
610 1 |a составляющие погрешности 
610 1 |a неопределенность 
675 |a 543.862.28:389.6  |v 3 
700 1 |a Конопелько  |b Л. А. 
701 1 |a Растоскуев  |b В. В. 
801 1 |a RU  |b 63413507  |c 20030124  |g PSBO 
801 2 |a RU  |b 63413507  |c 20121217  |g RCR 
942 |c BK